| 000 | 01280cam a2200313 i 4500 | ||
|---|---|---|---|
| 001 | 7883 | ||
| 003 | Mx-PuUPA | ||
| 005 | 20250620085204.0 | ||
| 008 | 140415s2024 txua grf 000 0 spa d | ||
| 020 | _a9798366008372 | ||
| 040 |
_aMx-PuUPA _bspa _cMx-PuUPA _dMx-PuUPA _erda |
||
| 041 | 0 | _aspa | |
| 100 | 1 |
_dHarper, Johann S., _916907 _eautor |
|
| 245 | 1 | 0 |
_aOrientación educativa : _b¿cómo elegir mi futura profesión? ¿cómo decido qué estudiar? / _cJohann S. Harper ; ilustraciones, Freepik |
| 264 | 1 |
_aCoppell, TX : _b[Editor no identificado], _c2024 |
|
| 300 |
_a120 páginas, 20 páginas sin numerar : _bilustracioes ; _c26 cm |
||
| 336 |
_2rdacontent _atexto _btxt |
||
| 336 |
_2rdacontent _aimagen fija _bsti |
||
| 337 |
_2rdamedia _asin medio _bn |
||
| 338 |
_2rdacarrier _avolumen _bnc |
||
| 500 | _a"Qué carrera estudiar de acuerdo a mi personalidad? ; ¿Cómo saber qué trabajo es para mí? ; Una guía divertida para encontrar tu camino". -- Cubierta. | ||
| 650 | 7 |
_2armarc _aOrientación estudiantil en educación superior |
|
| 650 | 7 |
_2armarc _aOrientación profesional |
|
| 650 | 7 |
_2armarc _aConsejería estudiantil |
|
| 700 | 1 |
_aFreepik, _eilustrador |
|
| 942 |
_2ddc _cLI _h371.42 _iH25 |
||
| 999 |
_c7883 _d7883 |
||